000 00969nam a22003137a 4500
001 BR7704515
003 BR-BrBNA
005 20230928085405.0
007 ta
008 230509b bl.||||| |||| 00| 0 por d
040 _aBR-BrBNA
_bpor
_cBiblioteca Nacional de Agricultura
041 _a(Por)
072 _aE70; B50
_b9910
_b/G514
090 _ 9910 BR7704515
100 1 _aFerreira, M. de M.
110 1 _aUniversidade Federal Fluminense, Niteroi, RJ (Brasil). Inst. de Ciencias Humanas e Filosofia
_911197
245 1 _aA crise dos comissarios de cafe do Rio de Janeiro [Brasil]
260 3 _aNiteroi, RJ (Brasil):
_c1977.
300 _a143 p.
500 _a(*) Documento disponível no(a) Instituto Brasileiro do Cafe, Rio de Janeiro, RJ
650 _aCOMERCIALIZACAO
650 _aHISTORIA
650 _aCAFE
650 _aHISTORIA
650 _aFINANCIAMENTO
650 _aRIO DE JANEIRO
909 _a202309
_bLucia
_c55
_dLucia Elande
942 _cBK
999 _c24181
_d24181